Plus gros succès du cinéma français depuis 2020 - Statistiques

Statistiques générales
  • Ce quiz a été pris 56 fois
  • Le résultat moyen est 4 sur 20
Statistiques - réponses
Année de sortie Réponse Box-office % Correct
2024 Un p’tit truc en plus 10 830 209
92%
2024 Le Comte de Monte-Cristo 9 429 939
74%
2024 L’Amour ouf 4 939 189
55%
2023 Astérix et Obélix : L’Empire du Milieu 4 622 711
21%
2023 Alibi.com 2 4 277 971
15%
2024 En fanfare 2 618 966
15%
2023 Les Trois Mousquetaires : D’Artagnan 3 432 815
15%
2023 Les Trois Mousquetaires : Milady 2 576 308
9%
2022 Novembre 2 393 484
9%
2020 Adieu les cons 2 001 198
8%
2021 BAC Nord 2 218 308
8%
2024 Monsieur Aznavour 2 054 791
8%
2024 Cocorico 1 983 875
6%
2021 Les Tuche 4 2 436 419
6%
2023 God Save the Tuche 3 007 866
4%
2021 Kaamelott : Premier Volet 2 658 026
4%
2022 Maison de retraite 2 046 074
4%
2023 Chasse gardée 1 924 712
2%
2022 Qu’est-ce qu’on a tous fait au Bon Dieu ? 2 453 585
0%
2022 Simone, le voyage du siècle 2 505 787
0%
Aucun quiz correspondant
Distribution des résultats
% des personnes avec chaque résultat
Percentile par nombre de réponses
Votre historique - résultats
Vous n’avez pas pris ce quiz